Statistics for Beatallica song deconstruction

Click here to take the quiz!

General Stats

  • This quiz has been taken 122 times
  • The average score is 13 of 20

Answer Stats

Beatallica SongOriginal Song% Correct
The Thing That Should Not Let It BeLet It Be
84%
Helvester of SkelterHelter Skelter
79%
SandmanEnter Sandman
76%
Hero of the Day TripperDay Tripper
74%
Blackened the U.S.S.R.Back in the U.S.S.R.
73%
Sgt. Hetfield's Motorbreath Pub BandSgt. Pepper's Lonely Hearts Club Band
73%
Fuel on the HillFuel
70%
Blackened the U.S.S.R.Blackened
68%
Masterful Mystery TourMaster of Puppets
68%
The Thing That Should Not Let It BeThe Thing That Should Not Be
65%
The Battery of Jaymz and YokoBattery
64%
Masterful Mystery TourMagical Mystery Tour
63%
Leper MadonnaLady Madonna
62%
Hero of the Day TripperHero of the Day
61%
Sgt. Hetfield's Motorbreath Pub BandMotorbreath
61%
Helvester of SkelterHarvester of Sorrow
58%
Leper MadonnaLeper Messiah
58%
The Battery of Jaymz and YokoThe Ballad of John and Yoko
57%
Fuel on the HillThe Fool on the Hill
49%
SandmanTaxman
31%

Score Distribution

Percentile by Number Answered

Percent of People with Each Score

Your Score History

You have not taken this quiz